书目信息 |
| 题名: |
吴简研究
|
|
| 作者: | ;北京吴简研讨班 编 | |
| 分册: | 第一辑 | |
| 出版信息: | 武汉 崇文书局 2004 |
|
| 页数: | 361页 | |
| 开本: | 20cm | |
| 丛书名: | 崇文学术文库 | |
| 单 册: | ||
| 中图分类: | K877.54 | |
| 科图分类: | ||
| 主题词: | 竹简--长沙市--三国时代--文集 | |
| 电子资源: | ||
| ISBN: | 7-5403-0763-3 | |
| 000 | 00974oam2 2200277 450 | |
| 001 | 0302735345 | |
| 005 | 20051114164246.87 | |
| 010 | @a7-5403-0763-3@dCNY20.00 | |
| 092 | @aCN | |
| 100 | @a20050324d2004 emky0chiy0110 ea | |
| 101 | 0 | @achi |
| 102 | @aCN@b420000 | |
| 105 | @ay z 000yy | |
| 200 | 1 | @a吴简研究@9wu jian yan jiu@h第一辑@f北京吴简研讨班编@Fbei jing wu jian yan tao ban bian |
| 210 | @a武汉@c崇文书局@d2004 | |
| 215 | @a361页@d20cm | |
| 225 | 2 | @a崇文学术文库@i吴简研究书系 |
| 330 | @a本书是有关吴简研究的学术论文集。辑入:《长沙走马楼三国吴简研究的回顾与展望》、《监池司马简及相关问题》、《走马楼吴简所见奴婢户籍及相关问题》、《走马楼竹简女子名字分析》等论文。 | |
| 410 | 0 | @12001 @a崇文学术文库 |
| 410 | 0 | @12001 @a吴简研究书系 |
| 606 | 0 | @a竹简@y长沙市@z三国时代@x文集 |
| 690 | @aK877.54@v4 | |
| 711 | 02 | @a北京吴简研讨班@9bei jing wu jian yan tao ban@4编 |
| 801 | 0 | @aCN@bTSSF@c20051114 |
| 905 | @a10447@dK877.54@e162:1 | |
| 999 | @aZXL | |
| 吴简研究.第一辑/北京吴简研讨班编.-武汉:崇文书局,2004 |
| 361页;20cm.-(崇文学术文库.吴简研究书系) |
| ISBN 7-5403-0763-3:CNY20.00 |
| 本书是有关吴简研究的学术论文集。辑入:《长沙走马楼三国吴简研究的回顾与展望》、《监池司马简及相关问题》、《走马楼吴简所见奴婢户籍及相关问题》、《走马楼竹简女子名字分析》等论文。 |
| ● |
| 相关链接 |
|
|
|
|
正题名:吴简研究
索取号:K877.54/162:1
 
预约/预借
| 序号 | 登录号 | 条形码 | 馆藏地/架位号 | 状态 | 备注 |
| 1 | 0367307 | 203673079 | 第二样本阅览室/ [索取号:K877.54/162:1] | 在馆 | |
| 2 | 0367308 | 203673088 | 第二借阅区/ [索取号:K877.54/162:1] | 在馆 | |
| 3 | 0367309 | 203673097 | 第二借阅区/ [索取号:K877.54/162:1] | 在馆 | |
| 4 | 0367310 | 203673104 | 第二借阅区/ [索取号:K877.54/162:1] | 在馆 | |
| 5 | 0367311 | 203673113 | 第二借阅区/ [索取号:K877.54/162:1] | 在馆 |